1857 1170 1877 1510 1555 1003 1018 1617 1673 1663 1089 1033 1663 1580 1537 1994 1699 1367 1906 1950 1519 1815 1434 1927 1979 1602 1444 1991 1959 1657 1668 1889 1813 1943 1132 1178 1845 1189 1423 1386 1706 1470 1623 1256 1030 1077 1563 1064 1221 1094 1899 1005 1265 1022 1310 1091 1397 1165 1021 1602 1335 1750 1647 1274 1822 1222 1641 1464 1421 1596 1896 1748 1248 1313 1334 1321 1595 1567 1886 1109 1209 1428 1559 1757 1380 1713 1040 1569 1372 1558 1797 1375 1950 1633 1784 1543 1074 1843 1864 BCNSPRNW ULIB Ver.6.0+V

เปลี่ยนเป็นภาษาไทย

Change to English
 แสดงรายละเอียดบรรณานุกรม
  กลับหน้าหลัก

Brief Record : Get Marc (ISO 2709) : E-mail record : QR code < ปิดหน้าต่าง
LEADER : 00000nam 2200000uu 4500
001    13399115216
003     ULIB
008    120731s2552||||th 000 0 tha d
020    ^a9789743197468
090    ^aนว.^bฉ330ช 2552
100 0  ^aซินฉ่ง
245 00 ^aชิงใจครอบครองรัก /^cฉี่เยี่ยน
250    ^aพิมพ์ครั้งที่ 1
260    ^aกรุงเทพฯ :^bแจ่มใส,^c2552
300    ^a202 หน้า
700 0  ^aจันทร์กลางน้ำ ;^eแปล
710 1  ^aแจ่มใส
945    ^p129^l0^i16429
995    ^aกัณชพร
999    ^aใช้งานได้ทุกระบบ
รายการนี้ยังไม่มีแท็ก
คุณยังไม่ได้ล็อกอิน คุณสามารถมีกิจกรรมร่วมกับเว็บไซต์ได้ แต่ต้องล็อกอินก่อน ::
  ล็อกอิน

รายการสื่อสารสนเทศ

ลำดับที่ ประเภท เลขเรียก/บาร์โค้ด สถานที่ สถานะ
1. วิทยาศาสตร์การแพทย์ และสุขภาพ
วิทยาศาสตร์การแพทย์ และสุขภาพ
นว. ฉ330ช 2552  
  Barcode: 16429
ห้องสมุดวิทยาเขตสวรรค์ประชารักษ์
►นวนิยาย
บนชั้น
  ขอยืม

รายการใกล้เคียง
    ผู้แต่ง [ซินฉ่ง]

BibComment


ยังไม่เคยถูกคอมเมนท์

คอมเมนท์ทรัพยากรรายการนี้
  คอมเมนท์: ชิงใจครอบครองรัก..


 Copyright 2026. Bcnsprnw @Library